| 000 | 00487nam a2200193Ia 4500 | ||
|---|---|---|---|
| 003 | GCL | ||
| 008 | 140319s9999 xx 000 0 eng d | ||
| 040 |
_aGCL / _cGCL |
||
| 082 | 0 | 4 |
_a297.07 _bU S |
| 100 | 1 | _aUDOVITCH, A.L | |
| 245 | 1 | 0 |
_aSTUDIA ISLAMICA / _cUDOVITCH, A.L |
| 700 | 1 | _aTURKEY, A.M | |
| 260 |
_a[S.N] : _bG.P.MAISONNEUVE - LAROUSE ، _c1997 |
||
| 300 | _a208 P | ||
| 650 | 0 | 4 | _aRELIGION |
| 650 | 0 | 4 | _aنجد |
| 650 | 0 | 4 | _aISLAM - STUDY AND TEACHING |
| 942 |
_2ddc _cBK |
||
| 999 |
_c16391 _d16391 |
||